| 000 | 01028nam a22002777a 4500 | ||
|---|---|---|---|
| 001 | 8436 | ||
| 003 | FISKH | ||
| 005 | 20250911162059.0 | ||
| 008 | 250911b cb ||||| |||| 00| 0 eng d | ||
| 020 | _a9780590108218 | ||
| 040 |
_aFISKH _beng _cFISKH _dFISKH |
||
| 050 | _aGT3550 .C65 | ||
| 082 | _a728.81 | ||
| 100 | _aCole, Joanna | ||
| 245 |
_aMs.Frizzle's adventures : _bMedieval castle / _cBy Jonna Cole and Burce Degen |
||
| 260 |
_aNew York : _bScholastic , _c2003. |
||
| 300 |
_a40 unnumbered pages : _bcolor illustrations ; _c30 cm . |
||
| 505 | _aO | ||
| 520 | _aWhen Ms. Frizzle and her student Arnold follow an underground passage beneath Craig's Castle Shop and find themselves in the middle of a siege of a 12th century English castle, they learn a great deal about both castles and the Middle Ages. | ||
| 521 | 8 |
_a600
_bLexile |
|
| 521 | 8 |
_aO
_bRaz-Plus |
|
| 650 |
_aMagic School Bus _vPicture book |
||
| 700 |
_aDegen, Bruce _eIllustrator |
||
| 942 |
_2ddc _cBK _n0 |
||
| 999 |
_c8436 _d8436 |
||